100 Paintings from the Boston Museum
Uloženo v:
| Médium: | Kniha |
|---|---|
| Jazyk: | angličtina |
| Vydáno: |
Boston
Museum of Fine Arts
1970
|
| Témata: | |
| Tagy: |
Přidat tag
Žádné tagy, Buďte první, kdo vytvoří štítek k tomuto záznamu!
|
MARC
| LEADER | 00000nam a2200000 a 4500 | ||
|---|---|---|---|
| 001 | UCT8431 | ||
| 003 | CL-VaPUC | ||
| 008 | 970326e19700000US |||||||||||||||||eng|d | ||
| 082 | 0 | 4 | |a 708.14461 |b PAI |2 21 |
| 245 | 1 | 0 | |a 100 Paintings from the Boston Museum |
| 300 | |a 151 p | ||
| 942 | |c BK | ||
| 945 | |d 19970326 00:00:00 |a rleighto | ||
| 260 | |a Boston |b Museum of Fine Arts |c 1970 | ||
| 650 | 0 | |a Bellas artes |9 334299 | |
| 650 | 0 | |a Pintura |9 265046 | |
| 650 | 0 | |a Obras de arte |9 337253 | |
| 650 | 0 | |a Catálogos |9 256258 | |
| 583 | |a last modification |c 20150625 10:55:29 |k Rodrigo Vera | ||
| 999 | |c 256929 |d 256927 | ||
| 952 | |0 0 |1 0 |4 0 |6 708_144610000000000_PAI_1970 |7 0 |8 P |9 280090 |a BIBARQ |b BIBARQ |d 2019-11-19 |i 3289753 |o 708.14461 PAI 1970 |p 3289753 |r 2025-01-20 |w 2019-11-19 |y BK |k ARQ | ||